Effects of formulated feeds with different crude protein content on the growth of African catfish (Clarias gariepinus) fingerlings / (Record no. 9917)
[ view plain ]
| 000 -LEADER | |
|---|---|
| fixed length control field | 02402nam a22002897i 4500 |
| 003 - CONTROL NUMBER IDENTIFIER | |
| control field | URS |
| 005 - DATE AND TIME OF LATEST TRANSACTION | |
| control field | 20220117090758.0 |
| 008 - FIXED-LENGTH DATA ELEMENTS--GENERAL INFORMATION | |
| fixed length control field | 180313b xxu||||| |||| 00| 0 eng d |
| 041 ## - LANGUAGE CODE | |
| Language code of text/sound track or separate title | eng |
| 043 ## - GEOGRAPHIC AREA CODE | |
| Geographic area code | a-ph--- |
| 050 10 - LIBRARY OF CONGRESS CALL NUMBER | |
| Classification number | SH 167 |
| Item number | V83 2002 |
| 100 1# - MAIN ENTRY--PERSONAL NAME | |
| Personal name | Vital, Editha G. |
| 245 10 - TITLE STATEMENT | |
| Title | Effects of formulated feeds with different crude protein content on the growth of African catfish (Clarias gariepinus) fingerlings / |
| Statement of responsibility, etc. | Editha G. Vital |
| 264 #1 - PRODUCTION, PUBLICATION, DISTRIBUTION, MANUFACTURE, AND COPYRIGHT NOTICE | |
| Date of production, publication, distribution, manufacture, or copyright notice | October 2002 |
| 300 ## - PHYSICAL DESCRIPTION | |
| Extent | xv, 75 leaves : |
| Other physical details | illustrations ; |
| Dimensions | 28.5 cm |
| 336 ## - CONTENT TYPE | |
| Source | rdacontent |
| Content type term | text |
| 336 ## - CONTENT TYPE | |
| Source | rdacontent |
| Content type term | still image |
| 337 ## - MEDIA TYPE | |
| Source | rdamedia |
| Media type term | unmediated |
| 338 ## - CARRIER TYPE | |
| Source | rdacarrier |
| Carrier type term | volume |
| 500 ## - GENERAL NOTE | |
| General note | Experimental Research Methodology |
| 502 ## - DISSERTATION NOTE | |
| Dissertation note | Thesis |
| Degree type | BSF |
| Name of granting institution | University of Rizal System. Cardona |
| Year degree granted | 2002 |
| 520 ## - SUMMARY, ETC. | |
| Summary, etc. | The study conducted to determine effects of formulated feeds with different crude protein content on the growth of African catfish (Clarias gariepinus) fingerlings. Three treatments replicated thrice, were composed of ingredients such as fishmeal, ipil-ipil meal, rice bran and skim milk. Different crude protein level was used such as 34% in treatment one, 39% in treatment two and 44% in treatment three. The study covered 45 days of feeding experiment and sampling was done every fifteen days. The length and the weight of the fish was measured every sampling. Completely Randomized Design was utilized as the experimental design of the study and Analysis of Variance was used to determine the significant difference at 5% level of probability. Findings showed that treatment three gave the best result in terms of length and weight. However, good growth and food utilization efficiencies were obtained with all the diets. No nutritional related disease was observed in fish using the formulated feeds. There was no visible symptom of toxicity. The computed value of 2.5 and 5.0 in terms of length and weight was lower than the tabular value. Therefore, the null hypothesis that there was no significant difference among the thee treatments was accepted and the alternative was rejected. |
| 524 ## - PREFERRED CITATION OF DESCRIBED MATERIALS NOTE | |
| Preferred citation of described materials note | Vital, E. G. (2002). Effects of formulated feeds with different crude protein content on the growth of African catfish (Clarias gariepinus) fingerlings. Cardona: University of Rizal System. |
| 650 #0 - SUBJECT ADDED ENTRY--TOPICAL TERM | |
| Topical term or geographic name entry element | Catfish. |
| 700 1# - ADDED ENTRY--PERSONAL NAME | |
| Personal name | Dieta, Jose Allan B. |
| Relator term | degree supervisor |
| 942 ## - ADDED ENTRY ELEMENTS (KOHA) | |
| Source of classification or shelving scheme | Library of Congress Classification |
| Koha item type | Theses and dissertations |
| Withdrawn status | Source of classification or shelving scheme | Damaged status | Not for loan | Collection code | Home library | Current library | Shelving location | Date acquired | Total Checkouts | Full call number | Barcode | Date last seen | Copy number | Price effective from | Koha item type |
|---|---|---|---|---|---|---|---|---|---|---|---|---|---|---|---|
| Library of Congress Classification | Non-fiction | Cardona College LIbrary | Cardona College LIbrary | General Stacks | 04/03/2018 | SH 167 V83 2002 | URSCAR-UGT047 | 04/03/2018 | 1 | 04/03/2018 | Theses and dissertations | ||||
| Library of Congress Classification | Non-fiction | Cardona College LIbrary | Cardona College LIbrary | General Stacks | 04/03/2018 | SH 167 V83 2002 | URSCAR-UGT048 | 04/18/2018 | 2 | 04/03/2018 | Theses and dissertations |